000 00803nam a22002297a 4500
003 OSt
005 20260526160019.0
008 260526b |||||||| |||| 00| 0 eng d
022 _a27903869
040 _aKABU
_cKABU
050 _aKSK12
_b.K33 2025
245 _aKabarak Law Review Volume 4 (2025) :
_bAn African union fit for the next 25 years /
_cKabarak University School of Law
260 _aNakuru, Kenya :
_bKabarak University Press,
_c2025
300 _aviii, 282p. ; 25cm
650 _aLaw and governance
_zKenya
650 _aAfrican Union Law
650 _aHuman rights and social justice
_xAfrica
650 _aPostcolonialism and decolonisation
_xLegal perspectives
650 _aPolice accountability
_zCameroon
700 _aOngiri, Elvis Mogesa
_eEditor-in-chief
942 _2lcc
_cPER
999 _c21655
_d21654